Analýza vybraných parametrov Barkhausenovho šumu po sústružení ocele 100Cr6 v závislosti od opotrebenia nástroja

Bibliographic Details
Main Authors: Dubec, Jaroslav (Author), Neslušan, Miroslav (Author), Vrkoslavová, Lucie (Author)
Format: Article
Language:Slovak

MARC

LEADER 00000nab a2200000 a 4500
001 vtls011119431
003 SK-MaSNL
005 20260303145428.0
008 230222|2012 xo |||||||||||||||||slo|
015 |a SNBRB 
035 |a (uuid)bd0e2814-4dc3-417d-8c38-3dce7fe9505f 
035 |a (urnnbn)urn:nbn:sk:snk:ar-a08ogu 
035 |a urn:nbn:sk:snk-ab9q2f 
040 |a SNKBUCL  |b slo  |c SNKBUCL  |e AACR2 
041 0 |a slo 
044 |a xo  |c SK 
100 1 |a Dubec, Jaroslav  |4 aut  |9 781985 
245 1 0 |a Analýza vybraných parametrov Barkhausenovho šumu po sústružení ocele 100Cr6 v závislosti od opotrebenia nástroja  |c Jaroslav Dubec, Miroslav Neslušan, Lucie Vrkoslavová 
246 3 |a Analysis of Barkhausen noise parameters after turning 100Cr6 steel in dependence on increasing cutting tool wear 
700 1 |a Neslušan, Miroslav  |4 aut  |9 26651 
700 1 |a Vrkoslavová, Lucie  |4 aut  |9 1167972 
773 0 |t Technológ : časopis pre teóriu a prax mechanických technológií  |g Roč. 4, č. 1 (2012), s. 16-21 
954 |a odborná, vedecká literatúra pôvodná (slovenská)  |2 lita 
958 |a OND 
958 |a EUIPO 
958 |a article13 
999 |c 2002829  |d 2004759